Antioxidačné a biologické vlastnosti vitamínu E

Na minha lista:
Detalhes bibliográficos
Autor principal: Mojžišková, Paulína (Author)
Outros Autores: Schmidt, Štefan (Thesis advisor)
Formato: Manuscrito Livro
Idioma:eslovaco
Publicado em: 2015
Assuntos:
Acesso em linha:http://is.stuba.sk/zp/portal_zp.pl?podrobnosti=102143
Tags: Adicionar Tag
Sem tags, seja o primeiro a adicionar uma tag!

MARC

LEADER 00000ntm a22000003a 4500
001 stuzp53163
003 SK-STU
005 20160719154411.2
007 ta
008 150427s2015----xo-----f-mn---000-0-slo-d
040 |a STU  |b slo 
041 0 |a slo 
100 1 |a Mojžišková, Paulína  |u 044250  |4 aut  |U FCHPT Ústav biotechnológie a potravinárstva  |T FCHPT Oddelenie potravinárskej technológie  |X 61441  |U C4250  |Y 115  |7 61441 
242 0 1 |a Antioxidant and Biological Properties of Vitamin E  |y eng 
245 1 0 |a Antioxidačné a biologické vlastnosti vitamínu E 
260 |c 2015 
650 4 |a tokoferoly  |2 slo 
650 4 |a tokotrienoly  |2 slo 
650 4 |a vitamín E  |2 slo 
650 4 |a ľudské zdravie  |2 slo 
650 4 |a antioxidačná aktivita  |2 slo 
650 4 |a human health  |2 eng 
650 4 |a vitamin E  |2 eng 
650 4 |a tocopherols  |2 eng 
650 4 |a tocotrienols  |2 eng 
650 4 |a antioxidant activity  |2 eng 
700 1 |a Schmidt, Štefan  |4 ths  |X 3318  |7 A000003318 
856 4 |u http://is.stuba.sk/zp/portal_zp.pl?podrobnosti=102143 
SQL |a stuzp53163  |b DBP  |c SLO  |d Antioxidačné a biologické vlastnosti vitamínu E  |e 61441  |f Mojžišková, Paulína  |g 044250  |h 3318  |i Schmidt, Štefan  |j 20150715  |k 520  |l 04  |m http://is.stuba.sk/zp/portal_zp.pl?podrobnosti=102143  |n B-oVYKOZ  |o 5.2.24. potravinárstvo